Movies Quiz

Random Movies or TV Show Quiz

Click A Movie, Initially - Movies Based On TV Shows Quiz Stats

 Plays Quiz Updated Jul 12, 2017

Score 0/20 Timer 05:00
0 Plays Today
% Correct
Mission: Impossible
91%
Star Trek
91%
Charlie's Angels
87.5%
The Addams Family
86.9%
Inspector Gadget
85.2%
The Brady Bunch Movie
80.9%
Starsky & Hutch
80.4%
George Of The Jungle
78.5%
The Rugrats Movie
76.3%
Get Smart
69.5%
% Correct
The Fugitive
68.6%
Entourage
66.8%
Miami Vice
66.2%
The SpongeBob SquarePants Movie
66.2%
Josie And The Pussycats
65.6%
Land Of The Lost
65.2%
The Lizzie McGuire Movie
62%
Bewitched
58.8%
Lost In Space
52.9%
Serenity
49.1%

You're not logged in!

Compare scores with friends on all Sporcle quizzes.
Join for Free
OR
Log In

Show Comments

Extras

Top Quizzes Today


Score Distribution

Your Account Isn't Verified!

In order to create a playlist on Sporcle, you need to verify the email address you used during registration. Go to your Sporcle Settings to finish the process.

Report this User

Report this user for behavior that violates our Community Guidelines.

Details: